000
00374 a2200133 4500
000
nam a22 7a 4500
100
_a
निनामा
110
_a
निनामा
245
_a
मानव विकास
250
_a
Latest edition
260
_b
आर पब्लिकेशन
_c
2025
264
_b
आर पब्लिकेशन
_c
2025
942
_c
BK
999
_c
396697
_d
396697